书目信息 |
| 题名: |
单晶硅超精密加工技术仿真
|
|
| 作者: | 史立秋 著 | |
| 分册: | ||
| 出版信息: | 北京 机械工业出版社 2020.5 |
|
| 页数: | 100页 | |
| 开本: | 24cm | |
| 丛书名: | ||
| 单 册: | ||
| 中图分类: | TQ127.2 | |
| 科图分类: | ||
| 主题词: | 硅--超精加工 | |
| 电子资源: | ||
| ISBN: | 978-7-111-65091-1 | |
| 000 | 00884nam0 2200241 45 | |
| 001 | 012001002414 | |
| 005 | 20140914094751.0 | |
| 010 | @a978-7-111-65091-1@dCNY69.00 | |
| 100 | @a20200514d2020 em y0chiy50 ea | |
| 101 | 0 | @achi |
| 102 | @aCN@b110000 | |
| 105 | @aa z 000yy | |
| 106 | @ar | |
| 200 | 1 | @a单晶硅超精密加工技术仿真@Adan jing gui chao jing mi jia gong ji shu fang zhen@b专著@f史立秋著 |
| 210 | @a北京@c机械工业出版社@d2020.5 | |
| 215 | @a100页@c图,照片@d24cm | |
| 300 | @a制造业高端技术系列 | |
| 330 | @a本书以材料力学、超精密加工等学科为理论基础,建立单晶硅超精密车削的有限元和分子动力学模型,优化切削参数以及刀具参数,解决传统研究中只能通过大量实验来确定最优工艺参数的弊端,降低实验成本,提高加工效率。 | |
| 606 | 0 | @a硅@x超精加工 |
| 690 | @aTQ127.2@v5 | |
| 701 | 0 | @a史立秋@Ashi li qiu@4著 |
| 801 | 0 | @aCN@bBJSDL@c20211011 |
| 905 | @b1339633-5@dTQ127.2@e16@f3 | |
| 单晶硅超精密加工技术仿真/史立秋著.-北京:机械工业出版社,2020.5 |
| 100页:图,照片;24cm |
| 制造业高端技术系列 |
| ISBN 978-7-111-65091-1:CNY69.00 |
| 本书以材料力学、超精密加工等学科为理论基础,建立单晶硅超精密车削的有限元和分子动力学模型,优化切削参数以及刀具参数,解决传统研究中只能通过大量实验来确定最优工艺参数的弊端,降低实验成本,提高加工效率。 |
| ● |
| 相关链接 |
|
|
|
|
正题名:单晶硅超精密加工技术仿真
索取号:TQ127.2/16
 
预约/预借
| 序号 | 登录号 | 条形码 | 馆藏地/架位号 | 状态 | 备注 |
| 1 | 1339633 | 213396332 | 第二样本阅览室/ [索取号:TQ127.2/16] | 在馆 | |
| 2 | 1339634 | 213396341 | 第三借阅区/ [索取号:TQ127.2/16] | 在馆 | |
| 3 | 1339635 | 213396350 | 第三借阅区/ [索取号:TQ127.2/16] | 在馆 |